[Event "11th European Club Cup for Wom"]
[Site "?"]
[Date "2006.10.08"]
[Round "1"]
[White "Kosintseva, Tatiana"]
[Black "Danielian, Elina"]
[Result "0-1"]
[WhiteElo "2458"]
[BlackElo "2426"]
[PlyCount "68"]
[EventDate "2006.10.08"]

1. e4 c6 2. d4 d5 3. e5 Bf5 4. Nd2 e6 5. Nb3 Nd7 6. Nf3 h6 7. Be2 Ne7 8. O-O
Bg6 9. c3 Qc7 10. Nh4 Bh7 11. f4 O-O-O 12. Be3 Be4 13. a4 f6 14. Bg4 f5 15. Be2
Rg8 16. Qc1 g6 17. Nf3 Kb8 18. Nfd2 Ka8 19. a5 Rc8 20. Rf2 Qd8 21. Nc5 Nxc5 22.
dxc5 g5 23. fxg5 hxg5 24. Bxg5 Qc7 25. a6 b6 26. cxb6 axb6 27. Nxe4 dxe4 28.
Bc4 Nd5 29. Bxd5 cxd5 30. Be3 Qxe5 31. Bxb6 Bd6 32. h3 Qh2+ 33. Kf1 f4 34. Qd1
f3 0-1

[Event "11th European Club Cup for Wom"]
[Site "?"]
[Date "2006.10.08"]
[Round "1"]
[White "Khurtsidze, Nino"]
[Black "Kosintseva, Nadezhda"]
[Result "1-0"]
[WhiteElo "2419"]
[BlackElo "2493"]
[PlyCount "47"]
[EventDate "2006.10.08"]

1. d4 Nf6 2. c4 e6 3. Nc3 Bb4 4. e3 O-O 5. Bd3 d5 6. Nge2 c5 7. cxd5 exd5 8. a3
Bxc3+ 9. bxc3 b6 10. O-O cxd4 11. cxd4 Ba6 12. Bxa6 Nxa6 13. Qa4 Nc7 14. Bd2
Qe8 15. Qb3 Qd7 16. Rfc1 Ne6 17. a4 Rfc8 18. Be1 Rxc1 19. Rxc1 Rc8 20. Rb1 h5
21. a5 bxa5 22. Bxa5 h4 23. h3 g5 24. Nc3 {rest illegible} 1-0

[Event "11th European Club Cup for Wom"]
[Site "?"]
[Date "2006.10.08"]
[Round "1"]
[White "Muzychuk, Anna"]
[Black "Aginian, Nelly"]
[Result "1-0"]
[WhiteElo "2452"]
[BlackElo "2274"]
[PlyCount "133"]
[EventDate "2006.10.08"]

1. e4 e6 2. d4 d5 3. Nc3 Nf6 4. Bg5 dxe4 5. Nxe4 Be7 6. Bxf6 Bxf6 7. Nf3 O-O 8.
Qd2 Nd7 9. O-O-O b6 10. Nxf6+ Nxf6 11. Bd3 Bb7 12. Qf4 Qd6 13. Ne5 Rad8 14.
Rhe1 Kh8 15. g4 Qe7 16. g5 Nh5 17. Qe3 g6 18. Be2 Ng7 19. Ng4 Qd6 20. Kb1 Nf5
21. Qh3 Qf4 22. Nf6 Qh4 23. Qc3 Qxg5 24. d5 Ng7 25. Rg1 Qf5 26. Bd3 Qf3 27.
dxe6 fxe6 28. Ng4 Be4 29. Ne5 Qh5 30. Rde1 Bxd3 31. Nxd3 Qd5 32. Qxc7 Rc8 33.
Qe5 Qxe5 34. Rxe5 Rf3 35. Rg3 Rf6 36. a4 Kg8 37. a5 Kf8 38. axb6 axb6 39. Rg4
Rf7 40. Rb5 Rfc7 41. c3 Rd8 42. Ne5 Rd1+ 43. Kc2 Re1 44. Rf4+ Nf5 45. Nd3 Rh1
46. Rxb6 Ke7 47. Re4 Nd6 48. Rh4 h5 49. Rh3 Nf5 50. b4 Rf1 51. Ra6 Nd4+ 52. Kb2
Nb5 53. Re3 Nd6 54. Rg3 Rd1 55. Kc2 Rh1 56. Rxg6 Rxh2 57. Kb3 Rh4 58. Nc5 Ne8
59. Rgxe6+ Kf7 60. Rh6 Ng7 61. Raf6+ Ke7 62. Rfg6 Kf7 63. Rg5 Rg4 64. Rhxh5
Rxg5 65. Rxg5 Kf6 66. f4 Ne8 67. Re5 1-0

[Event "11th European Club Cup for Wom"]
[Site "?"]
[Date "2006.10.08"]
[Round "1"]
[White "Kovalevskaya, Ekaterina"]
[Black "Pogonina, Natalija"]
[Result "1-0"]
[WhiteElo "2434"]
[BlackElo "2421"]
[PlyCount "71"]
[EventDate "2006.10.08"]

1. e4 c5 2. Nf3 d6 3. c3 Nf6 4. Be2 g6 5. O-O Bg7 6. Bb5+ Bd7 7. Bxd7+ Qxd7 8.
Re1 O-O 9. d4 cxd4 10. cxd4 Nc6 11. Nc3 Rac8 12. Bf4 Rfd8 13. Qd2 d5 14. e5 Ne8
15. Bh6 Nc7 16. Ne2 Ne6 17. h4 Rc7 18. h5 Rdc8 19. Bxg7 Nxg7 20. hxg6 fxg6 21.
Qh6 e6 22. Nh2 Nb4 23. Ng4 Ne8 24. Rad1 Rc2 25. Nf4 Nxa2 26. Rd3 R2c6 27. Rf3
Qg7 28. Qg5 R8c7 29. Nh6+ Kh8 30. Nxg6+ hxg6 31. Rh3 Qh7 32. Ng4 Qxh3 33. gxh3
Rg7 34. Qd8 Rg8 35. Nh6 Rf8 36. Qe7 1-0

[Event "11th European Club Cup for Wom"]
[Site "?"]
[Date "2006.10.08"]
[Round "1"]
[White "Mkrtchian, Lilit"]
[Black "Kovanova, Baira"]
[Result "1-0"]
[WhiteElo "2468"]
[BlackElo "2303"]
[PlyCount "61"]
[EventDate "2006.10.08"]

1. d4 Nf6 2. c4 e6 3. Nf3 b6 4. Nc3 Bb4 5. Bg5 h6 6. Bh4 g5 7. Bg3 Ne4 8. Qc2
Bxc3+ 9. bxc3 Nxg3 10. hxg3 Bb7 11. e4 d6 12. Bd3 Nd7 13. Qa4 g4 14. Nh2 Qg5
15. Nf1 h5 16. Ne3 a5 17. Qb5 Qg6 18. Ke2 O-O-O 19. e5 Qg5 20. exd6 Qxb5 21.
cxb5 cxd6 22. Rh4 Nf6 23. f3 e5 24. Bf5+ Kb8 25. fxg4 Rde8 26. d5 hxg4 27. c4
Ref8 28. Rah1 Rxh4 29. Rxh4 Bc8 30. Rh6 Ne8 31. Rh7 {rest illegible} 1-0

[Event "11th European Club Cup for Wom"]
[Site "?"]
[Date "2006.10.08"]
[Round "1"]
[White "Komiagina, Maria"]
[Black "Kochetkova, Julia"]
[Result "1/2-1/2"]
[WhiteElo "2326"]
[BlackElo "2342"]
[PlyCount "60"]
[EventDate "2006.10.08"]

1. e4 c5 2. Nf3 Nc6 3. d4 cxd4 4. Nxd4 Nf6 5. Nc3 e5 6. Ndb5 d6 7. Nd5 Nxd5 8.
exd5 Nb8 9. c4 Be7 10. Be2 a6 11. Nc3 O-O 12. O-O f5 13. Kh1 e4 14. f4 exf3 15.
Bxf3 Nd7 16. Be3 Bf6 17. Rc1 Be5 18. Bf2 Qg5 19. b3 Rf6 20. g3 Rh6 21. Qe1 Nf6
22. Ne2 Bd7 23. Bd4 Re8 24. Qf2 Bxd4 25. Qxd4 Rxe2 26. Bxe2 Ne4 27. Kg2 Rxh2+
28. Kxh2 Qxg3+ 29. Kh1 Qh3+ 30. Kg1 Qg3+ 1/2-1/2

[Event "11th European Club Cup for Wom"]
[Site "?"]
[Date "2006.10.08"]
[Round "1"]
[White "Johansson, Viktoria"]
[Black "Cmilyte, Viktorija"]
[Result "0-1"]
[WhiteElo "2234"]
[BlackElo "2469"]
[PlyCount "80"]
[EventDate "2006.10.08"]

1. d4 Nf6 2. c4 e6 3. Nc3 Bb4 4. e3 O-O 5. Bd3 d5 6. Nf3 c5 7. O-O dxc4 8. Bxc4
Qe7 9. a3 Ba5 10. Qc2 Bd7 11. Rd1 Bc6 12. d5 exd5 13. Nxd5 Nxd5 14. Bxd5 Re8
15. e4 Bxd5 16. exd5 Nd7 17. Qa4 Bc7 18. Bg5 f6 19. Be3 Bd6 20. Nh4 Nb6 21. Qg4
g6 22. Nf5 Qd7 23. Nh6+ Kg7 24. Qh4 f5 25. Bg5 Be7 26. d6 Bxg5 27. Qxg5 Re4 28.
h4 Rf8 29. h5 Qe6 30. Rac1 Nd7 31. f3 Re2 32. Kf1 Qe3 33. Nxf5+ Rxf5 34. h6+
Kf7 35. Qxe3 Rxe3 36. Kf2 Re6 37. Rc2 Rff6 38. Rcd2 g5 39. Rd5 Kg6 40. b4 cxb4
0-1

[Event "11th European Club Cup for Wom"]
[Site "?"]
[Date "2006.10.08"]
[Round "1"]
[White "Matveeva, Svetlana"]
[Black "Jiretorn, Eva"]
[Result "1-0"]
[WhiteElo "2415"]
[BlackElo "2109"]
[PlyCount "120"]
[EventDate "2006.10.08"]

1. d4 Nf6 2. c4 e5 3. dxe5 Ng4 4. Bf4 Bb4+ 5. Nd2 Nc6 6. a3 Bxd2+ 7. Qxd2 Ngxe5
8. e3 d6 9. Rc1 Qe7 10. Ne2 Be6 11. Nd4 Bd7 12. Nb5 Be6 13. Be2 O-O 14. O-O
Rfd8 15. Qc3 f6 16. Rfd1 Rac8 17. Bg3 Bg4 18. Bxg4 Nxg4 19. c5 Nge5 20. Qb3+
Kh8 21. cxd6 cxd6 22. Qd5 Rd7 23. h3 h6 24. Rc2 Rcd8 25. Rcd2 a6 26. Nc3 Qf7
27. Qxf7 Nxf7 28. Nd5 Nce5 29. Rc2 b5 30. b3 Rb7 31. f3 a5 32. Be1 a4 33. bxa4
bxa4 34. Bb4 Ng6 35. e4 Ne7 36. Ne3 Rc8 37. Rxc8+ Nxc8 38. Rc1 Ne7 39. Kf1 Kg8
40. Ke2 Kf8 41. Rd1 Rd7 42. Nc4 Nc8 43. Rd5 Ke8 44. Ra5 Ke7 45. Rxa4 Rc7 46.
Ne3 Kd7 47. Bd2 Nb6 48. Rb4 Rc6 49. Nf5 g5 50. Nd4 Rc4 51. Rxb6 Rxd4 52. Rb4
Rxb4 53. Bxb4 h5 54. Bc3 Ke6 55. a4 Nd8 56. a5 Nc6 57. a6 f5 58. exf5+ Kxf5 59.
Ba5 g4 60. Bb6 gxh3 {rest illegible} 1-0

[Event "11th European Club Cup for Wom"]
[Site "?"]
[Date "2006.10.08"]
[Round "1"]
[White "Horn, Emilia"]
[Black "Demina, Julia"]
[Result "0-1"]
[WhiteElo "2081"]
[BlackElo "2318"]
[PlyCount "96"]
[EventDate "2006.10.08"]

1. e4 c5 2. Nf3 d6 3. d4 Nf6 4. Nc3 cxd4 5. Qxd4 Nc6 6. Bb5 Bd7 7. Bxc6 Bxc6 8.
Bg5 e6 9. O-O-O Be7 10. Qd3 Qa5 11. h4 h6 12. Bf4 e5 13. Bd2 b5 14. Rhe1 Rc8
15. Kb1 Qb6 16. Nd5 Bxd5 17. exd5 O-O 18. Qf5 Qxf2 19. Be3 Qg3 20. Bxa7 Rc4 21.
Be3 g6 22. Qh3 Qxh3 23. gxh3 Kh7 24. b3 Rcc8 25. Nh2 Ne4 26. Kb2 Bxh4 27. Rf1
f5 28. Nf3 Bf6 29. Nd2 Nc3 30. Rde1 e4 31. Bf4 Nxd5+ 32. Kc1 Nb4 33. c4 Nd3+
34. Kd1 Nxe1 35. Rxe1 bxc4 36. Nxc4 d5 37. Nb6 Rc3 38. h4 Rf7 39. Re2 g5 40.
hxg5 hxg5 41. Bh2 Rd3+ 42. Rd2 Rxd2+ 43. Kxd2 Rb7 44. Bg1 d4 45. Nd5 Be5 46. b4
Rb5 47. Ne7 Rxb4 48. Nxf5 Rb2+ 0-1

[Event "11th European Club Cup for Wom"]
[Site "?"]
[Date "2006.10.08"]
[Round "1"]
[White "Korbut, Ekaterina"]
[Black "Miloradovic, Jelena"]
[Result "1-0"]
[WhiteElo "2435"]
[BlackElo "2105"]
[PlyCount "85"]
[EventDate "2006.10.08"]

1. e4 c5 2. Nf3 e6 3. d4 cxd4 4. Nxd4 Bc5 5. Nb3 Bb6 6. Nc3 Ne7 7. Bf4 d5 8.
exd5 exd5 9. Bd3 Nbc6 10. Qh5 Nb4 11. O-O-O Nxd3+ 12. Rxd3 Be6 13. Bg5 O-O 14.
Re1 d4 15. Bxe7 Qxe7 16. Nd5 Qd6 17. Nf6+ gxf6 18. Rg3+ Qxg3 19. hxg3 Rfd8 20.
Rh1 d3 21. Qxh7+ Kf8 22. Rh6 Ke7 23. Qg7 f5 24. Qf6+ Kd7 25. cxd3 Bxf2 26. Kd2
Rac8 27. Nd4 Bxd4 28. Qxd4+ Kc7 29. Qe5+ Kb6 30. Rh4 Rc5 31. Qe3 Kc6 32. b4 Rb5
33. Qxa7 Rb6 34. Qa5 Kc7 35. Rh1 Rdd6 36. Rc1+ Kb8 37. Qe5 Ka7 38. a4 Rd5 39.
Qe3 Ka6 40. b5+ Ka5 41. Rc4 Rdd6 42. Rh4 Rd5 43. Qf4 1-0

[Event "11th European Club Cup for Wom"]
[Site "?"]
[Date "2006.10.08"]
[Round "1"]
[White "Maric, Alisa"]
[Black "Botvinnik, Irina"]
[Result "1-0"]
[WhiteElo "2394"]
[BlackElo "2208"]
[PlyCount "71"]
[EventDate "2006.10.08"]

1. d4 d5 2. Nf3 Nf6 3. c4 dxc4 4. e3 e6 5. Bxc4 c5 6. O-O Nc6 7. Qe2 cxd4 8.
Rd1 d3 9. Bxd3 Qc7 10. a3 Bd6 11. Nbd2 O-O 12. h3 Rd8 13. Nc4 Bf8 14. Qc2 Ne7
15. Bd2 b5 16. Ba5 Qb7 17. Bxd8 bxc4 18. Bxc4 Bd7 19. Bxe7 Bxe7 20. Rac1 Rc8
21. Qe2 Rb8 22. Ba6 Qxb2 23. Qxb2 Rxb2 24. Rc7 Ba4 25. Rd4 Rb1+ 26. Bf1 Bb5 27.
Nd2 Rxf1+ 28. Nxf1 Bxa3 29. Rxa7 Bc5 30. Rd8+ Be8 31. Raa8 Kf8 32. g4 g5 33.
Rdc8 Bd6 34. f4 h6 35. fxg5 hxg5 36. h4 1-0

[Event "11th European Club Cup for Wom"]
[Site "?"]
[Date "2006.10.08"]
[Round "1"]
[White "Vovinkina, Natalia"]
[Black "Cramling, Pia"]
[Result "0-1"]
[WhiteElo "2203"]
[BlackElo "2528"]
[PlyCount "120"]
[EventDate "2006.10.08"]

1. d4 d5 2. Bg5 c5 3. e4 dxe4 4. d5 h6 5. Bf4 Nf6 6. Nc3 a6 7. a4 Nbd7 8. Bc4
Nb6 9. b3 e6 10. dxe6 Qxd1+ 11. Rxd1 Bxe6 12. Bxe6 fxe6 13. Nge2 Nbd5 14. O-O
Be7 15. Be5 Kf7 16. Bxf6 Nxf6 17. Ng3 Rhd8 18. Ncxe4 c4 19. Nxf6 gxf6 20. Ne2
Rac8 21. g3 cxb3 22. cxb3 Rc2 23. Rxd8 Bxd8 24. Rd1 Be7 25. Kf1 Rb2 26. Rd3 f5
27. f3 e5 28. g4 f4 29. h4 Ke6 30. h5 Bg5 31. Nc3 Rxb3 32. Ke2 Be7 33. Ne4 Rb4
34. Nc3 Rb2+ 35. Kd1 Rb4 36. Ke2 Rc4 37. Kd1 b6 38. Ke2 Bc5 39. Kd1 Bd4 40. Ne4
Rxa4 41. Ke2 a5 42. Rd1 Ra2+ 43. Rd2 Rxd2+ 44. Kxd2 a4 45. Kc2 Ke7 46. Kb1 b5
47. Ka2 b4 48. Nd2 Kf7 49. Ne4 Ke6 50. Nd2 Kd5 51. Ne4 Kc4 52. g5 b3+ 53. Ka3
Kd3 54. g6 b2 55. g7 b1=Q 56. g8=Q Qb3+ 57. Qxb3+ axb3 58. Kxb3 Ke2 59. Nd6
Kxf3 60. Nf5 Ba1 0-1

[Event "11th European Club Cup for Wom"]
[Site "?"]
[Date "2006.10.08"]
[Round "1"]
[White "Peptan, Corina Isabela"]
[Black "Len, Irina"]
[Result "1-0"]
[WhiteElo "2428"]
[BlackElo "2114"]
[PlyCount "71"]
[EventDate "2006.10.08"]

1. e4 c5 2. Nf3 e6 3. d4 cxd4 4. Nxd4 Nf6 5. Nc3 d6 6. f4 a6 7. Qf3 Qc7 8. g4
Nc6 9. Nb3 b5 10. g5 Nd7 11. Be3 Bb7 12. Bg2 b4 13. Na4 e5 14. O-O exf4 15.
Qxf4 Nce5 16. Nd4 Bc6 17. Nxc6 Qxc6 18. b3 Be7 19. Rf2 O-O 20. Bh3 Rab8 21.
Raf1 Rb5 22. Bg2 Qc7 23. Qg3 Rfb8 24. h4 Rf8 25. Qh3 Qd8 26. Rd1 g6 27. c4 Ra5
28. Rc2 h6 29. gxh6 Bxh4 30. Rxd6 Qe7 31. Rcd2 Nb8 32. c5 Rxa4 33. bxa4 Nc4 34.
h7+ Kxh7 35. Bf2 g5 36. Bxh4 1-0

[Event "11th European Club Cup for Wom"]
[Site "?"]
[Date "2006.10.08"]
[Round "1"]
[White "Medic, Mirjana"]
[Black "Dzagnidze, Nana"]
[Result "0-1"]
[WhiteElo "2285"]
[BlackElo "2432"]
[PlyCount "116"]
[EventDate "2006.10.08"]

1. d4 Nf6 2. c4 e6 3. Nc3 Bb4 4. Qc2 O-O 5. a3 Bxc3+ 6. Qxc3 b6 7. Bg5 Bb7 8.
f3 d6 9. e3 Nbd7 10. Bd3 Rc8 11. Ne2 c5 12. O-O Ba6 13. b3 cxd4 14. exd4 b5 15.
Qb4 bxc4 16. Bxc4 Bxc4 17. bxc4 a5 18. Qb3 Qb6 19. Qa4 Qc6 20. Qxa5 Qxc4 21.
Qd2 Nd5 22. a4 Qa6 23. a5 Rc4 24. Rfc1 Rfc8 25. Kf2 h6 26. Bh4 Rxc1 27. Rxc1
Rxc1 28. Qxc1 Qxa5 29. Qc8+ Nf8 30. Bg3 Qb6 31. Qa8 Ne7 32. Qe4 Nd7 33. Qa8+
Nf8 34. Qe4 Nfg6 35. Kf1 Nd5 36. Bf2 Qb3 37. Bg3 Qb4 38. Be1 Qb5 39. Bd2 Nge7
40. g4 Nc6 41. h4 Qb3 42. Kf2 Qb2 43. Be1 Nce7 44. h5 Nc8 45. f4 Ncb6 46. g5
hxg5 47. fxg5 Nc8 48. g6 Nce7 49. gxf7+ Kxf7 50. h6 Nf6 51. Qf4 gxh6 52. Kf1
Nf5 53. Bf2 Qb1+ 54. Kg2 Nd5 55. Qf3 Ke7 56. Kh2 Qc2 57. Qg4 Qd2 58. Kh3 Qxe2
0-1

[Event "11th European Club Cup for Wom"]
[Site "?"]
[Date "2006.10.08"]
[Round "1"]
[White "Javakhishvili, Lela"]
[Black "Kruljac, Petra"]
[Result "1-0"]
[WhiteElo "2416"]
[BlackElo "2033"]
[PlyCount "75"]
[EventDate "2006.10.08"]

1. d4 d5 2. Nf3 Nf6 3. c4 c6 4. e3 a6 5. Nc3 b5 6. c5 g6 7. Qb3 a5 8. Bd3 Bg7
9. O-O O-O 10. Re1 Nbd7 11. e4 b4 12. Na4 dxe4 13. Bxe4 Nxe4 14. Rxe4 Nf6 15.
Re1 Nd5 16. Bg5 Be6 17. Qc2 Rb8 18. Qd2 Qc8 19. Bh6 f6 20. Bf4 Rb7 21. h3 Rd8
22. Bg3 Bf7 23. Re2 g5 24. Qd3 Qa8 25. Nd2 e5 26. Qf3 exd4 27. Ne4 Bg6 28. Nd6
Rbd7 29. Rd1 f5 30. Be5 Rf8 31. Rxd4 Qa6 32. Bxg7 Kxg7 33. Re5 Qa7 34. Rd2 Qb8
35. Qe2 Qd8 36. Qa6 Rxd6 37. cxd6 Qxd6 38. Rexd5 1-0

[Event "11th European Club Cup for Wom"]
[Site "?"]
[Date "2006.10.08"]
[Round "1"]
[White "Svaljek, Radmila"]
[Black "Gvetadze, Sopio"]
[Result "0-1"]
[WhiteElo "2055"]
[BlackElo "2396"]
[PlyCount "88"]
[EventDate "2006.10.08"]

1. d4 d5 2. Nf3 Nf6 3. Bg5 e6 4. Nbd2 Be7 5. e3 O-O 6. Bd3 c5 7. c3 Nbd7 8. O-O
b6 9. Ne5 Nxe5 10. dxe5 Nd7 11. Bxe7 Qxe7 12. f4 Rd8 13. Nf3 Nf8 14. Qe2 Bb7
15. Rf2 Rd7 16. Raf1 a6 17. a3 b5 18. Ng5 Rad8 19. Qc2 f5 20. exf6 gxf6 21. Nf3
Qd6 22. Nd2 Qb6 23. Re1 Rg7 24. Bf1 e5 25. fxe5 fxe5 26. Qf5 Ng6 27. Qf6 Rd6
28. Qg5 Nf4 29. Qh4 Rh6 30. Rxf4 Rxh4 31. Rxh4 Qf6 32. Rh3 e4 33. Be2 d4 34.
cxd4 cxd4 35. Rf1 Qd8 36. Nb3 dxe3 37. Kh1 Qb6 38. Nc1 Bd5 39. Rh4 h6 40. Rhf4
Rf7 41. Rg4+ Kh7 42. Rd1 Bb7 43. Nb3 Qf6 44. Nd4 Rd7 0-1

[Event "11th European Club Cup for Wom"]
[Site "?"]
[Date "2006.10.08"]
[Round "1"]
[White "Lomineishvili, Maia"]
[Black "Mijatovic, Andrea"]
[Result "1-0"]
[WhiteElo "2382"]
[BlackElo "1900"]
[PlyCount "75"]
[EventDate "2006.10.08"]

1. d4 d5 2. c4 e6 3. Nc3 Nf6 4. Nf3 c6 5. Bg5 Nbd7 6. e3 Qa5 7. Nd2 Bb4 8. Qc2
O-O 9. a3 dxc4 10. Bxf6 Nxf6 11. Nxc4 Bxc3+ 12. bxc3 Qc7 13. Bd3 c5 14. O-O b6
15. a4 Bb7 16. f3 h6 17. Qb2 Rab8 18. Rfc1 Qe7 19. Rab1 Nd7 20. e4 Rfd8 21. Rd1
Nf6 22. Bf1 Bc6 23. Qa3 Rb7 24. Ne5 Be8 25. dxc5 Rxd1 26. Rxd1 Qxc5+ 27. Qxc5
bxc5 28. Rd8 Kf8 29. Bb5 Ke7 30. Ra8 Bxb5 31. axb5 Nd7 32. Nc6+ Kd6 33. c4 Nb6
34. Na5 Rd7 35. Rg8 f6 36. Kf2 Ke7 37. Rxg7+ Kd8 38. Rg6 1-0

[Event "11th European Club Cup for Wom"]
[Site "?"]
[Date "2006.10.09"]
[Round "2"]
[White "Dzagnidze, Nana"]
[Black "Kovalevskaya, Ekaterina"]
[Result "1-0"]
[WhiteElo "2432"]
[BlackElo "2434"]
[PlyCount "75"]
[EventDate "2006.10.08"]

1. d4 Nf6 2. c4 d6 3. Nc3 e5 4. Nf3 Nbd7 5. e4 Be7 6. Be2 O-O 7. O-O c6 8. Be3
a6 9. d5 cxd5 10. cxd5 Ng4 11. Bd2 b5 12. b4 Nb6 13. a4 bxa4 14. Nxa4 f5 15.
exf5 Bxf5 16. Nc3 Nf6 17. Qb3 Kh8 18. Ra5 Ne4 19. Be3 Nxc3 20. Qxc3 Be4 21. Qd2
Rc8 22. Bxa6 Rc2 23. Qd1 Rb2 24. Nd2 Rxb4 25. Nxe4 Rxe4 26. Qb1 Nd7 27. Ra3 Rh4
28. g3 Rh5 29. Be2 Rhf5 30. Bg4 R5f6 31. Ra7 Nc5 32. Bxc5 dxc5 33. Qb7 Re8 34.
Be6 Bf8 35. Qc6 Qb8 36. Rfa1 Qb2 37. R7a2 Qb8 38. Re2 {rest illegible} 1-0

[Event "11th European Club Cup for Wom"]
[Site "?"]
[Date "2006.10.09"]
[Round "2"]
[White "Kochetkova, Julia"]
[Black "Matnadze, Ana"]
[Result "1-0"]
[WhiteElo "2342"]
[BlackElo "2392"]
[PlyCount "65"]
[EventDate "2006.10.08"]

1. e4 c5 2. Nf3 d6 3. d4 cxd4 4. Nxd4 Nf6 5. Nc3 Nc6 6. Bg5 Bd7 7. Qd2 Rc8 8.
f4 h6 9. Bxf6 gxf6 10. Nf5 Qa5 11. Bd3 Nb4 12. a3 Rg8 13. g3 h5 14. Be2 Bxf5
15. exf5 Nc6 16. Qd3 h4 17. O-O-O Rh8 18. Kb1 Bg7 19. Qe4 Kf8 20. Bc4 e6 21.
fxe6 f5 22. Qe3 Bxc3 23. Rd5 Bd4 24. Rxd4 Qc5 25. e7+ Ke8 26. Bxf7+ Kxf7 27.
Qb3+ Ke8 28. Rd5 Qb6 29. Rb5 Qf2 30. Rxb7 hxg3 31. Qe6 Qxc2+ 32. Ka1 Ne5 33.
fxe5 1-0

[Event "11th European Club Cup for Wom"]
[Site "?"]
[Date "2006.10.09"]
[Round "2"]
[White "Danielian, Elina"]
[Black "Matveeva, Svetlana"]
[Result "0-1"]
[WhiteElo "2426"]
[BlackElo "2415"]
[PlyCount "46"]
[EventDate "2006.10.08"]

1. d4 d5 2. Bf4 Nf6 3. e3 c5 4. dxc5 Nc6 5. Bb5 e6 6. b4 a5 7. Bxc6+ bxc6 8. c3
Nd7 9. Nf3 Ba6 10. a4 Be7 11. Nd4 Qc8 12. Bg3 O-O 13. Nd2 Re8 14. N2b3 Bc4 15.
Nd2 Ba6 16. f3 e5 17. Nf5 Bxc5 18. Nb3 axb4 19. Nxc5 Nxc5 20. Nd6 Qb8 21. Nb5
cxb5 22. cxb4 Nxa4 23. Qxd5 Qb6 0-1

[Event "11th European Club Cup for Wom"]
[Site "?"]
[Date "2006.10.09"]
[Round "2"]
[White "Korbut, Ekaterina"]
[Black "Khurtsidze, Nino"]
[Result "0-1"]
[WhiteElo "2435"]
[BlackElo "2419"]
[PlyCount "74"]
[EventDate "2006.10.08"]

1. e4 c5 2. Nf3 e6 3. d4 cxd4 4. Nxd4 a6 5. Bd3 Nf6 6. O-O d6 7. f4 Be7 8. Kh1
O-O 9. e5 Nd5 10. a3 Nc6 11. Nxc6 bxc6 12. Bd2 f5 13. c4 Nb6 14. Ba5 dxe5 15.
fxe5 Rb8 16. Nc3 Qd4 17. Qe2 Nd7 18. Na4 Nc5 19. Nxc5 Qxc5 20. b4 Qa7 21. c5
Bd8 22. Bxd8 Rxd8 23. Bc4 a5 24. Rad1 Rf8 25. Rb1 axb4 26. axb4 Qa3 27. Qd2 Kh8
28. Qd6 Ba6 29. Ra1 Qxa1 30. Rxa1 Bxc4 31. Qxc6 Rxb4 32. h3 Bd5 33. Qd6 Rc8 34.
Qd7 Rcb8 35. Ra7 Rg8 36. c6 Rb1+ 37. Kh2 Rb2 {rest illegible} 0-1

[Event "11th European Club Cup for Wom"]
[Site "?"]
[Date "2006.10.09"]
[Round "2"]
[White "Aginian, Nelly"]
[Black "Sudakova, Irina"]
[Result "1/2-1/2"]
[WhiteElo "2274"]
[BlackElo "2392"]
[PlyCount "72"]
[EventDate "2006.10.08"]

1. e4 c5 2. Nf3 d6 3. d4 cxd4 4. Nxd4 Nf6 5. Nc3 Nc6 6. f3 e5 7. Nb3 Be7 8. Be3
O-O 9. Qd2 a5 10. Na4 d5 11. Nb6 a4 12. Nxa8 d4 13. Bf2 Be6 14. Bb5 Qxa8 15.
Bxc6 axb3 16. Bb5 bxa2 17. O-O Ne8 18. Qe2 Nd6 19. Bd3 Rc8 20. f4 f6 21. fxe5
fxe5 22. Qh5 Nf7 23. Be1 Qa4 24. Qe2 Bg5 25. b3 Qa3 26. Bd2 Bxd2 27. Qxd2 Nd8
28. Qc1 Qa5 29. Qe1 Qa3 30. Qc1 Qa7 31. Qd2 Nc6 32. Kh1 Qa3 33. Rf2 Ra8 34. Bc4
Bxc4 35. bxc4 Ne7 36. c3 dxc3 {rest illegible} 1/2-1/2

[Event "11th European Club Cup for Wom"]
[Site "?"]
[Date "2006.10.09"]
[Round "2"]
[White "Nebolsina, Vera"]
[Black "Maric, Alisa"]
[Result "1/2-1/2"]
[WhiteElo "2349"]
[BlackElo "2394"]
[PlyCount "111"]
[EventDate "2006.10.08"]

1. d4 Nf6 2. Nf3 e6 3. c4 b6 4. Nc3 Bb7 5. Bg5 d5 6. cxd5 exd5 7. e3 Be7 8. Bd3
O-O 9. Rc1 Nbd7 10. O-O Re8 11. Qc2 g6 12. Rfd1 a6 13. Ne2 c5 14. dxc5 bxc5 15.
Nf4 Qb6 16. h4 d4 17. exd4 Bxf3 18. gxf3 cxd4 19. Qc6 Qxc6 20. Rxc6 a5 21. Bb5
Reb8 22. a4 Kg7 23. Rxd4 Ne5 24. Rc3 h6 25. Bxf6+ Bxf6 26. Re4 Rc8 27. Kg2 Rxc3
28. bxc3 Rd8 29. c4 Rd2 30. Kg3 Rc2 31. Nd5 Nd3 32. Nxf6 Kxf6 33. Rd4 Nxf2 34.
Rd6+ Ke5 35. Rd5+ Ke6 36. Ba6 f6 37. Rxa5 Nd3 38. Bc8+ Ke7 39. Ra7+ Kd8 40. Be6
Ne5 41. a5 Rc3 42. Bd5 Nxc4 43. a6 Nb6 44. Bf7 g5 45. hxg5 hxg5 46. Rb7 Nc8 47.
Be6 Rc6 48. Rb8 Rxe6 49. a7 Ra6 50. a8=Q Rxa8 51. Rxa8 Kd7 52. Kg4 Nd6 53. Kh5
Nc4 54. Kh6 Ne5 55. Ra3 Ke6 56. Ra6+ 1/2-1/2

[Event "11th European Club Cup for Wom"]
[Site "?"]
[Date "2006.10.09"]
[Round "2"]
[White "Cramling, Pia"]
[Black "Klipper, Rebecca"]
[Result "1-0"]
[WhiteElo "2528"]
[BlackElo "2054"]
[PlyCount "89"]
[EventDate "2006.10.08"]

1. d4 Nf6 2. Nf3 g6 3. Bf4 c5 4. c3 b6 5. e3 Bg7 6. Bd3 Bb7 7. Nbd2 Nh5 8. Bg5
d6 9. e4 Nc6 10. d5 Ne5 11. Nxe5 dxe5 12. Bb5+ Kf8 13. O-O f5 14. exf5 Qxd5 15.
f3 gxf5 16. Qc2 Qf7 17. Rad1 Qg6 18. Be3 f4 19. Bd3 Qg5 20. Bf2 Bf6 21. Ne4 Qg7
22. Bc4 Bc6 23. a4 Bg5 24. Bxc5 Nf6 25. Nxf6 Qxf6 26. Ba3 Kg7 27. Bb5 Rhd8 28.
Bd3 h5 29. Be4 Bxe4 30. Qxe4 Qe6 31. Rd3 Rxd3 32. Qxd3 Bf6 33. Rd1 Qb3 34. a5
b5 35. Rd2 Qc4 36. Qxc4 bxc4 37. Rd7 Kf7 38. Rc7 Rd8 39. Rxa7 Bh4 40. g3 Rd1+
41. Kf2 Rd2+ 42. Ke1 Bg5 43. Bxe7 fxg3 44. Bxg5+ Kg6 45. hxg3 1-0

[Event "11th European Club Cup for Wom"]
[Site "?"]
[Date "2006.10.09"]
[Round "2"]
[White "Neuhauser, Salome"]
[Black "Peptan, Corina Isabela"]
[Result "0-1"]
[WhiteElo "1838"]
[BlackElo "2428"]
[PlyCount "80"]
[EventDate "2006.10.08"]

1. d4 Nf6 2. Nf3 b6 3. e3 Bb7 4. Bd3 c5 5. c3 e6 6. Nbd2 Be7 7. O-O O-O 8. Qe2
Nc6 9. a3 cxd4 10. exd4 Nd5 11. Ne4 f5 12. Ng3 Na5 13. Bc2 Qc8 14. Re1 Qc6 15.
Ne5 Nxc3 16. Qf1 Qc8 17. bxc3 Qxc3 18. Ra2 Bd5 19. Ne2 Qc7 20. Rb2 Bxa3 21. Rb1
Be7 22. Bd1 Be4 23. Ra1 d6 24. Nf3 Bd3 25. Bd2 Nc4 26. Bb3 Rac8 27. Rec1 Qd7
28. Qe1 b5 29. Nf4 Be4 30. Qe2 g5 31. Nd3 g4 32. Nfe1 Bf6 33. Bc3 Kh8 34. Nb2
Nb6 35. Ned3 Bd5 36. Ba2 Bxa2 37. Rxa2 Nd5 38. Qd2 Qg7 39. Nb4 Bg5 40. Qe1 Nxb4
0-1

[Event "11th European Club Cup for Wom"]
[Site "?"]
[Date "2006.10.09"]
[Round "2"]
[White "Kosintseva, Tatiana"]
[Black "Johansson, Viktoria"]
[Result "1-0"]
[WhiteElo "2458"]
[BlackElo "2234"]
[PlyCount "67"]
[EventDate "2006.10.08"]

1. e4 c5 2. Nf3 Nc6 3. d4 cxd4 4. Nxd4 e5 5. Nb5 d6 6. N1c3 a6 7. Na3 Be7 8.
Nc4 b5 9. Ne3 Nf6 10. g3 h5 11. Bg2 h4 12. O-O hxg3 13. fxg3 Be6 14. Ncd5 Rb8
15. c3 Kf8 16. Qf3 Qd7 17. Nf5 Bxf5 18. exf5 Na5 19. b3 Bd8 20. Ba3 Nb7 21.
Rad1 Nxd5 22. Qxd5 Be7 23. c4 Qc7 24. cxb5 Qb6+ 25. Kh1 axb5 26. Bb4 Nc5 27.
Rc1 Rd8 28. Bd2 Qa7 29. Rc2 Qa6 30. Qc6 Qxc6 31. Bxc6 Rb8 32. b4 Rb6 33. Bd5
Nb7 34. Bxb7 1-0

[Event "11th European Club Cup for Wom"]
[Site "?"]
[Date "2006.10.09"]
[Round "2"]
[White "Muzychuk, Anna"]
[Black "Horn, Emilia"]
[Result "1-0"]
[WhiteElo "2452"]
[BlackElo "2081"]
[PlyCount "49"]
[EventDate "2006.10.08"]

1. e4 e5 2. Nf3 Nc6 3. Bb5 a6 4. Ba4 Nf6 5. O-O Be7 6. d4 exd4 7. Qe2 b5 8. Bb3
d5 9. exd5 Nxd5 10. Rd1 Be6 11. Nxd4 Nxd4 12. Rxd4 c5 13. Bxd5 cxd4 14. Bc6+
Bd7 15. Bxa8 Qxa8 16. Qe5 Qc6 17. Qxg7 Bf6 18. Qg3 Qxc2 19. Nd2 Qd1+ 20. Nf1 d3
21. Bg5 Qxa1 22. Bxf6 Qc1 23. Qd6 Qe1 24. Qb8+ Bc8 25. Qxc8# 1-0